| Tag |
First Indicator |
Second Indicator |
Subfields |
| LEADER |
00000cam a2200000 4500 |
| 001 |
in00000683070 |
| 005 |
20151015164049.0 |
| 008 |
780123s1909 tnuf 00011 eng |
| 010 |
|
|
|a 09014217
|
| 035 |
|
|
|a (OCoLC)03574659
|
| 035 |
|
|
|9 ACZ6852AM
|
| 040 |
|
|
|a DLC
|c LUU
|d TXA
|d UtOrBLW
|
| 049 |
|
|
|a TXAS
|c [383874]
|
| 050 |
|
0 |
|a PZ3.D8535
|b M
|
| 100 |
1 |
|
|a Du Bose, Horace Mellard,
|d 1858-1941.
|
| 245 |
1 |
4 |
|a The men of Sapio ranch /
|c by Horace M. Du Bose.
|
| 264 |
|
1 |
|a Nashville, Tenn.,
|a Dallas, Tex. :
|b Publishing house of the M.E. church, South, Smith & Lamar, agents,
|c 1909.
|
| 300 |
|
|
|a 221 pages :
|b frontispiece, plates.
|
| 336 |
|
|
|a text
|b txt
|2 rdacontent
|
| 337 |
|
|
|a unmediated
|b n
|2 rdamedia
|
| 338 |
|
|
|a volume
|b nc
|2 rdacarrier
|
| 999 |
|
|
|a MARS
|
| 999 |
f |
f |
|s 7e93097d-d366-3fa2-a82e-058c179986e5
|i 068ce6d6-5e04-3155-9769-df95e829c3f0
|t 0
|
| 952 |
f |
f |
|p noncirc
|a Texas A&M University
|b College Station
|c Cushing Memorial Library & Archives
|d Cushing: Dykes (Does not check out)
|t 0
|e PZ3.D8535 M
|h Library of Congress classification
|i unmediated -- volume
|m A14851897349
|
| 998 |
f |
f |
|a PZ3.D8535 M
|t 0
|l Cushing: Dykes (Does not check out)
|